PRACTICAL BIOTECHNOLOGY (Record no. 5920)

MARC details
000 -LEADER
fixed length control field 00431nam a22001697a 4500
005 - DATE AND TIME OF LATEST TRANSACTION
control field 20240109135247.0
008 - FIXED-LENGTH DATA ELEMENTS--GENERAL INFORMATION
fixed length control field 190603b xxu||||| |||| 00| 0 eng d
020 ## - INTERNATIONAL STANDARD BOOK NUMBER
ISBN NI301
041 ## - LANGUAGE CODE
Language code of text/sound track or separate title eng
100 ## - MAIN ENTRY--AUTHOR NAME
Personal name GAUD, DR. R. S.. GUPTA DR. G.D AND GOKHALE S.B
245 ## - TITLE STATEMENT
Title PRACTICAL BIOTECHNOLOGY
250 ## - EDITION STATEMENT
Edition statement 9th Ed. 2019
260 ## - PUBLICATION, DISTRIBUTION, ETC. (IMPRINT)
Place of publication PUNE
Name of publisher NIRALI PRAKASHAN
300 ## - PHYSICAL DESCRIPTION
Number of Pages I.1p,
650 ## - SUBJECT ADDED ENTRY--TOPICAL TERM
Topical Term PHARMACY
General subdivision B.PHARMA
942 ## - ADDED ENTRY ELEMENTS (KOHA)
Koha item type Books
Holdings
Lost status Damaged status Collection code Home library Current library Shelving location Date acquired Source of acquisition Cost, normal purchase price Accession Number Koha item type Full call number
    Reference JRU Library JRU Library SHELF-4-D 03/06/2019 PURCHESS 175.00 22908 Books  
    PHARMACY JRU Library JRU Library Shelf - 27- J 03/06/2019 PURCHESS 175.00 22909 Books 615.7 GUP-P
    PHARMACY JRU Library JRU Library Shelf - 27- J 03/06/2019 PURCHESS 175.00 22910 Books  
    PHARMACY JRU Library JRU Library SHELF - 10 - D 10/02/2022 PURCHASE 175.00 26182 Books 615.7
    PHARMACY JRU Library JRU Library Shelf - 27- J 10/02/2022 PURCHASE 175.00 26183 Books 615.7 GUP-P
    PHARMACY JRU Library JRU Library Shelf - 27- J 10/02/2022 PURCHASE 175.00 26184 Books 615.7